[Event "Spijkenisse op-A 3rd"]
[Site "Spijkenisse"]
[Date "2013.10.26"]
[Round "4"]
[White "Looij, Gysbert"]
[Black "Van de Griend, Johan"]
[Result "1/2-1/2"]
[WhiteElo "1755"]
[BlackElo "1918"]
[PlyCount "43"]
[EventDate "2013.10.25"]
[EventType "swiss"]
[EventRounds "6"]
[EventCountry "NED"]
[SourceTitle "EXT 2014"]
[Source "ChessBase"]
[SourceDate "2013.11.20"]
[SourceVersion "1"]
[SourceVersionDate "2013.11.20"]
[SourceQuality "1"]

1. e4 e5 2. Nf3 Nc6 3. d4 exd4 4. Nxd4 Bc5 5. Be3 Qf6 6. c3 Nge7 7. Qd2 Qg6 8. f3 a6 9. Qf2 d6 10. Nd2 0-0 11. Be2 Ba7 12. 0-0 f5 13. exf5 Nxf5 14. Nxf5 Bxf5 15. Bxa7 Nxa7 16. Bc4+ Kh8 17. Bd5 c6 18. Be4 d5 19. Bxf5 Qxf5 20. Rfe1 Nc8 21. Re2 Nd6 22. Rae1 1/2-1/2